Classes de l'élémentaire au Bac Général (avant 2021) - Statistiques

Statistiques générales
  • Ce quiz a été pris 189 fois
  • Le résultat moyen est 13 sur 16
Statistiques - réponses
Hint Réponse % Correct
4ème année 3ème
100%
3ème année 4ème
100%
2ème année 5ème
100%
1ère année 6ème
100%
1ère année 2nd
99%
2ème année CE1
99%
3ème année CE2
99%
4ème année CM1
99%
5ème année CM2
99%
1ère année CP
99%
2ème année 1ère S
52%
3ème année Terminale S
50%
2ème année 1ère ES
49%
2ème année 1ère L
49%
3ème année Terminale ES
49%
3ème année Terminale L
49%
Aucun quiz correspondant
Distribution des résultats
% des personnes avec chaque résultat
Percentile par nombre de réponses
Votre historique - résultats
Vous n’avez pas pris ce quiz